Geography Quiz

Random Geography or World Quiz
Score 0/15 Timer 02:30
0 Plays Today
% Correct
Mount Fuji
89.5%
Great Blue Hole
87.2%
Uluru
85.2%
Cape Cod
84.4%
Sicily
83.9%
Black Sea
83.4%
Iceland
82.8%
Nile Delta
82.6%
% Correct
The Alps
78.4%
Grand Canyon
77.3%
Tasmania
73.2%
Lake Superior
72%
IguazĂș
69.5%
Himalayas
60.1%
Cape Horn
42.2%
Remove Ads.
Support Sporcle.
Get the best of Sporcle when you Go Orange. This ad-free experience offers more features, more stats, and more fun while also helping to support Sporcle. Thank you for becoming a member.

You're not logged in!

Compare scores with friends on all Sporcle quizzes.
OR
Log In

Show Comments

Extras

Top Quizzes Today


Score Distribution

Your Account Isn't Verified!

In order to create a playlist on Sporcle, you need to verify the email address you used during registration. Go to your Sporcle Settings to finish the process.

Report this User

Report this user for behavior that violates our Community Guidelines.

Details: